000 00622nab a2200181 4500
999 _c372350
_d372350
001 90031
003 OSt
005 20230411120817.0
007 tu
008 110905s2000|||||||
040 _aDE-2950
_cDE-2950
245 0 0 _aFreudentränen der Kapitänin.
_bHandball. ein Punkt, der einem Sieg gleichkommt - die Frauen des Frankfurter HC erreichen durch das Remis in Schwerin die aufstiegsrunde zur 2. Bundesliga /
_cMatthias Braun
264 _c2023
653 _aFrankfurt (Oder)
653 _aHandball / FHC
773 0 _g34. Jahrgang (2023) Nr. 80, 04.04.2023, S. 21: mit Foto
_tMärkische Oderzeitung
942 _2z
_cA